Two-dimensiional elastic contact model for rubber covered rollers (Record no. 71625)
[ view plain ]
| 000 -LEADER | |
|---|---|
| fixed length control field | 01510nam a2200205Ia 4500 |
| 100 ## - MAIN ENTRY--AUTHOR NAME | |
| Personal name | Austrell P E |
| 245 #0 - TITLE STATEMENT | |
| Title | Two-dimensiional elastic contact model for rubber covered rollers |
| 260 ## - PUBLICATION, DISTRIBUTION, ETC. (IMPRINT) | |
| Name of publisher | Plastics,Rubber and Composites |
| Year of publication | 2013 |
| 300 ## - PHYSICAL DESCRIPTION | |
| Number of Pages | 269-275 |
| 520 ## - SUMMARY, ETC. | |
| Summary, etc | A model for the contact between a rubber covered roller and a rigid roller was developed using analytical functions.The model,being two-dimensional,connects the line load,geometric properties(roller radii,rubber thickness)and the shear modulus of the rubber to nip properties in the roller contact.The output from the model is the indentation of the rigid roller into thr rubber,the nip maximum pressure,the nip width and the surface strain in the centre of the nip.Moreover,the shape of the pressure distribution is also given as an analytical expression.The basic assumption relies on the work of Parish(-58and-61),but a developement of this work was performed,showing the influence of the rubber shear modulus and also how the surface strain in the nip can be described.The functional relatiionships are based on least squares fitting of analytical functions,depending on two master variables,to a large number of infinite element analysis results. |
| 650 ## - SUBJECT ADDED ENTRY--TOPICAL TERM | |
| Topical Term | Analytical expressions |
| 650 ## - SUBJECT ADDED ENTRY--TOPICAL TERM | |
| Topical Term | Contact |
| 650 ## - SUBJECT ADDED ENTRY--TOPICAL TERM | |
| Topical Term | Fit to FE-results |
| 650 ## - SUBJECT ADDED ENTRY--TOPICAL TERM | |
| Topical Term | Nip properties |
| 650 ## - SUBJECT ADDED ENTRY--TOPICAL TERM | |
| Topical Term | pressure profile |
| 650 ## - SUBJECT ADDED ENTRY--TOPICAL TERM | |
| Topical Term | rubber covered rollers |
| 700 ## - ADDED ENTRY--PERSONAL NAME | |
| Personal name | Olsson A K |
| 942 ## - ADDED ENTRY ELEMENTS (KOHA) | |
| Koha item type | Journals |
| Withdrawn status | Lost status | Damaged status | Not for loan | Home library | Current library | Date acquired | Serial Enumeration / chronology | Koha item type |
|---|---|---|---|---|---|---|---|---|
| Journals | RRII Library | RRII Library | 06/03/2014 | Volume 42, Issue 7 | Journals |